Measurement of dissolved oxygen (Record no. 31367)

MARC details
000 -LEADER
fixed length control field 00284nam a2200109Ia 4500
082 ## - DEWEY DECIMAL CLASSIFICATION NUMBER
Classification number 546.21
Item number HIT;1
100 ## - MAIN ENTRY--AUTHOR NAME
Personal name Hitchman, Michael L
245 #0 - TITLE STATEMENT
Title Measurement of dissolved oxygen
260 ## - PUBLICATION, DISTRIBUTION, ETC. (IMPRINT)
Place of publication New York
Name of publisher John Wiley
Year of publication 1978
942 ## - ADDED ENTRY ELEMENTS (KOHA)
Koha item type Books
Holdings
Withdrawn status Lost status Damaged status Not for loan Home library Current library Date acquired Cost, normal purchase price Full call number Accession Number Koha item type
        RRII Library RRII Library 16/12/2021 23.50 546.21 HIT;1 11913 Books